Kendrick Lamar Charting Songs (Billboard Hot Rap / R&B) - Statistics

General Stats
  • This quiz has been taken 141 times
    132 since last reset
  • The average score is 39 of 90
Answer Stats
Album Weeks On Peak Artist(s) Song % Correct
DAMN. 27 Weeks #1 Kendrick Lamar HUMBLE.
97%
DAMN. 35 Weeks #6 Kendrick Lamar ft. Zacari LOVE.
87%
Black Panther: The Album 21 Weeks #5 Kendrick Lamar & SZA All the Stars
86%
good kid, m.A.A.d city 16 Weeks #35 Kendrick Lamar ft. Jay Rock Money Trees
85%
DAMN. 20 Weeks #3 Kendrick Lamar DNA.
84%
Mr. Morale & the Big Steppers 11 Weeks #2 Kendrick Lamar N95
84%
To Pimp a Butterfly 1 Week #37 Kendrick Lamar u
82%
To Pimp a Butterfly 19 Weeks #24 Kendrick Lamar Alright
81%
good kid, m.A.A.d city 14 Weeks #24 Kendrick Lamar ft. MC Eiht m.A.A.d city
81%
DAMN. 26 Weeks #7 Kendrick Lamar ft. Rihanna LOYALTY.
79%
To Pimp a Butterfly 20 Weeks #11 Kendrick Lamar i
77%
good kid, m.A.A.d city 30 Weeks #8 Kendrick Lamar ft. Drake Poetic Justice
76%
good kid, m.A.A.d city 44 Weeks #9 Kendrick Lamar Bitch, Don't Kill My Vibe
73%
The Melodic Blue 20 Weeks #8 Baby Keem & Kendrick Lamar family ties
69%
DAMN. 5 Weeks #19 Kendrick Lamar ft. U2 XXX.
68%
DAMN. 3 Weeks #22 Kendrick Lamar PRIDE.
67%
good kid, m.A.A.d city 1 Week #44 Kendrick Lamar good kid
65%
DAMN. 1 Week #36 Kendrick Lamar DUCKWORTH.
64%
To Pimp a Butterfly 19 Weeks #20 Kendrick Lamar King Kunta
64%
Mr. Morale & the Big Steppers 4 Weeks #6 Kendrick Lamar United In Grief
64%
Tha Carter V 8 Weeks #1 Lil Wayne ft. Kendrick Lamar Mona Lisa
63%
Mr. Morale & the Big Steppers 4 Weeks #9 Kendrick Lamar ft. Sampha Father Time
60%
DAMN. 2 Weeks #29 Kendrick Lamar FEAR.
60%
Black Panther: The Album 20 Weeks #4 The Weeknd & Kendrick Lamar Pray for Me
60%
Mr. Morale & the Big Steppers 12 Weeks #5 Kendrick Lamar & Kodak Black Silent Hill
60%
DAMN. 2 Weeks #33 Kendrick Lamar GOD.
59%
DAMN. 3 Weeks #25 Kendrick Lamar LUST.
59%
DAMN. 1 Week #31 Kendrick Lamar BLOOD.
58%
DAMN. 13 Weeks #9 Kendrick Lamar ELEMENT.
58%
To Pimp a Butterfly 1 Week #33 Kendrick Lamar ft. George Clinton & Thundercat Wesley's Theory
58%
Mr. Morale & the Big Steppers 18 Weeks #4 Kendrick Lamar, Blxst & Amanda Reifer Die Hard
57%
Mr. Morale & the Big Steppers 4 Weeks #13 Kendrick Lamar Count Me Out
56%
Black Panther: The Album 20 Weeks #13 Jay Rock ft. Kendrick Lamar, Future & James Blake King's Dead
56%
good kid, m.A.A.d city 20 Weeks #29 Kendrick Lamar Backseat Freestyle
55%
Long. Live. A$AP 37 Weeks #2 A$AP Rocky ft. Drake, 2 Chainz & Kendrick Lamar Fuckin' Problems
53%
Mr. Morale & the Big Steppers 2 Weeks #11 Kendrick Lamar & Taylour Paige We Cry Together
53%
To Pimp a Butterfly 1 Week #34 Kendrick Lamar ft. Bilal, Anna Wise & Thundercat These Walls
52%
Mr. Morale & the Big Steppers 3 Weeks #14 Kendrick Lamar, Summer Walker & Ghostface Killah Purple Hearts
51%
Mr. Morale & the Big Steppers 3 Weeks #15 Kendrick Lamar, Baby Keem & Sam Dew Savior
51%
untitled unmastered 3 Weeks #23 Kendrick Lamar untitled 02 | 06.23.2014
51%
untitled unmastered 2 Weeks #27 Kendrick Lamar untitled 07 | levitate
49%
DAMN. 3 Weeks #21 Kendrick Lamar FEEL.
48%
Mr. Morale & the Big Steppers 5 Weeks #10 Kendrick Lamar Rich Spirit
47%
Mr. Morale & the Big Steppers 1 Week #23 Kendrick Lamar Mirror
46%
DAMN 3 Weeks #18 Kendrick Lamar YAH.
46%
untitled unmastered 1 Week #49 Kendrick Lamar untitled 03 | 05.28.2013
45%
Mr. Morale & the Big Steppers 1 Week #25 Kendrick Lamar ft. Beth Gibbons Mother I Sober
44%
Mr. Morale & the Big Steppers 2 Weeks #19 Kendrick Lamar & Tanna Leone Mr. Morale
44%
Non-Album Single 2 Weeks #5 Kendrick Lamar The Heart Part 5
43%
good kid, m.A.A.d city 2 Weeks #39 Kendrick Lamar The Art of Peer Pressure
42%
To Pimp a Butterfly 6 Weeks #25 Kendrick Lamar The Blacker the Berry
42%
Oxymoron 20 Weeks #28 ScHoolboy Q ft. Kendrick Lamar Collard Greens
41%
To Pimp a Butterfly 1 Week #44 Kendrick Lamar For Free? (Interlude)
40%
Mr. Morale & the Big Steppers 1 Week #20 Kendrick Lamar Crown
38%
To Pimp a Butterfly 1 Week #35 Kendrick Lamar ft. Bilal, Anna Wise & Snoop Dogg Institutionalized
38%
Mr. Morale & the Big Steppers 2 Weeks #12 Kendrick Lamar Worldwide Steppers
38%
To Pimp a Butterfly 1 Week #45 Kendrick Lamar Momma
37%
good kid, m.A.A.d city (Deluxe Edition) 18 Weeks #38 Kendrick Lamar ft. Dr. Dre The Recipe
36%
The Melodic Blue 1 Week #23 Baby Keem & Kendrick Lamar range brothers
35%
Mr. Morale & the Big Steppers 1 Week #21 Kendrick Lamar Auntie Diaries
34%
good kid, m.A.A.d city 37 Weeks #3 Kendrick Lamar Swimming Pools (Drank)
34%
Non-Album Single 2 Weeks #11 Kendrick Lamar The Heart Part 4
33%
To Pimp a Butterfly 1 Week #40 Kendrick Lamar ft. James Fauntleroy & Ronald Isley How Much a Dollar Cost
32%
Starboy 5 Weeks #12 The Weeknd ft. Kendrick Lamar Sidewalks
31%
To Pimp a Butterfly 1 Week #50 Kendrick Lamar For Sale? (Interlude)
29%
To Pimp a Butterfly 1 Week #38 Kendrick Lamar Hood Politics
26%
Black Panther: The Album 2 Weeks #42 Kendrick Lamar Black Panther
25%
Non-Album Single 1 Week #43 Big Sean ft. Kendrick Lamar & Jay Electronica Control
23%
Black Panther: The Album 2 Weeks #35 Kendrick Lamar & Travi$ Scott Big Shot
22%
Born Sinner 2 Weeks #46 J. Cole ft. Kendrick Lamar Forbidden Fruit
22%
Mr. Morale & the Big Steppers 1 Week #18 Kendrick Lamar Rich (Interlude)
20%
Mr. Morale & the Big Steppers 1 Week #22 Kendrick Lamar Savior (Interlude)
20%
Long. Live. A$AP 2 Weeks #31 A$AP Rocky ft. Kendrick Lamar, Joey Bada$$, Yelawolf, Danny Brown, Action Bronson & Big K.R.I.T. 1Train
18%
The Marshall Mathers LP 2 2 Weeks #31 Eminem ft. Kendrick Lamar Love Game
18%
good kid, m.A.A.d city 2 Weeks #42 Kendrick Lamar Sherane A.K.A. Master Splinter's Daughter
15%
Lemonade 2 Weeks #21 Beyonce ft. Kendrick Lamar Freedom
14%
The World Is Yours 20 Weeks #20 Rich The Kid ft. Kendrick Lamar New Freezer
13%
Music from and Inspired by The Amazing Spider-Man 2 3 Weeks #48 Alicia Keys ft. Kendrick Lamar It's On Again
8%
Victory Lap 3 Weeks #33 Nipsey Hussle ft. Kendrick Lamar Dedication
5%
Blurred Lines 17 Weeks #7 Robin Thicke ft. Kendrick Lamar Give It 2 U
5%
Extinction Level Event 2: The Wrath of God 1 Week #48 Busta Rhymes ft. Kendrick Lamar Look Over Your Shoulder
5%
Est. in 1989 Pt. 3 (The Album) 1 Week #42 Mike WiLL Made-It ft. Future, Lil Wayne & Kendrick Lamar Buy the World
4%
Major Key 3 Weeks #29 DJ Khaled ft. Big Sean, Kendrick Lamar & Betty Wright Holy Key
4%
Rap or Go to the League 1 Week #40 2 Chainz ft. Kendrick Lamar Momma, I Hit a Lick
4%
Non-Album Single 20 Weeks #30 Hustle Gang ft. T.I., B.o.B, Kendrick Lamar & Kris Stephens Memories Back Then
3%
X 1 Week #38 Chris Brown ft. Kendrick Lamar Autumn Leaves
2%
Something Else 10 Weeks #38 Tech N9ne ft. Kendrick Lamar, MAYDAY! & Kendall Morgan Fragile
2%
Non-Album Single 1 Week #50 50 Cent ft. Kendrick Lamar We Up
2%
Pressure 1 Week #48 Jeezy ft. J. Cole & Kendrick Lamar American Dream
1%
That's Me Right There 6 Weeks #32 Jasmine V ft. Kendrick Lamar That's Me Right There
1%
No matching quizzes found
Score Distribution
Percent of People with Each Score
Percentile by Number Answered
Your Score History
You have not taken this quiz since the last reset